|
|
|
|
| LEADER |
00000nam a22000007a 4500 |
| 003 |
cru CIDCACS/IIS |
| 005 |
20230707100407.0 |
| 007 |
ta |
| 008 |
170223s cr |||p|r|||| 00| 0 spa d |
| 022 |
|
|
|a 10129790
|
| 040 |
|
|
|c cru CIDCACS/IIS
|
| 090 |
|
|
|a REV0876
|
| 110 |
1 |
|
|9 840
|a Universidad Nacional de Costa Rica
|
| 245 |
1 |
|
|a Revista de Historia /
|c Universidad Nacional de Costa Rica
|
| 260 |
|
|
|a Heredia, Costa Rica:
|b EUNA
|
| 270 |
|
|
|a Escuela de Historia, Universidad Nacional
|b Heredia,
|d Costa Rica
|e 86-3000
|k 00(506) 2562-4125
|m revistadehistoria@una.cr
|
| 500 |
|
|
|a EXISTENCIAS : 1975-1987 1-8 (1-16, *esp.) 1988 (17, esp.) 1989 (20) 1991-1993 (23-28) 1994 (29-30) 1995 (31-32) 1996 (33-34) 1997-1999 (35-39) 1999 (40) 2000 (41) 2001 (43-44) 2002 (45,46) 2003 (47, 48) 2004 (49/50) 2005 (51/52) 2006 (53/54) 2007 (55/56) 2008 (57/58) 2009 (59/60)
|
| 500 |
|
|
|a *El número especial corresponde al año 1985
|
| 650 |
|
4 |
|9 5915
|a HISTORIA ECONOMICA
|
| 650 |
1 |
0 |
|9 625
|a HISTORIA SOCIAL
|
| 650 |
|
0 |
|9 3063
|a EPOCA COLONIAL
|
| 650 |
|
0 |
|9 1860
|a IGLESIA
|
| 650 |
1 |
0 |
|9 243
|a ESTADO
|
| 650 |
1 |
0 |
|9 82
|a LIBERALISMO
|
| 651 |
1 |
0 |
|9 32
|a COSTA RICA
|
| 942 |
|
|
|2 ddc
|c PP
|
| 999 |
|
|
|c 40579
|d 40579
|